01376nam a22002177a 4500003000900000005001700009008004100026040001300067100002900080245005100109250000600160260003300166300002000199490002600219520058400245942001200829999001700841952010000858952010000958952010001058IT-RoPau20220918175938.0130122b xxu||||| |||| 00| 0 eng d cIT-RoPau aGiaccardo , Timoteo9225 aDiariobPagine scelte Nuova edizione riveduta aI aCinisello BalsamobSSPc2004 a349 p.c21,5 cm aEdizioni San PaolovI aSommario Presentazione Nota alla presente edizione Avvertenze redazionali Date significative della vita di G. T. Giaccardo I. Gli anni del seminario 1913-1917 1913-1914 1915 1916 1917 II. Prima anni di vita paolina 1917-1925 1917 1918 1920 1921 1922 1923 1924 1925 III. Gli anni della maturità€ 1942-1947 1942 1943 1944 1946 1947 Appendice Pia unione tra i chierici offrirsi vittima per la santificazione dei Chierici Regolamento del "Circolo Immacolata Concezione" di Maria Santissima Il Divin Maestro [Altri testi senza data] Appunti di spiritualità€ Indice  2ddccBK c37820d37820 00102ddc406P_B271aPAULUSbPAULUSd2013-01-22l0oP B2r2013-01-22 00:00:00w2013-01-22yBK 00102ddc406P_B271aPAULUSbPAULUSd2013-01-22l0oP B2r2013-01-22 00:00:00w2013-01-22yBK 00102ddc406P_B271aPAULUSbPAULUSd2013-01-22l0oP B2r2013-01-22 00:00:00w2013-01-22yBK